000 00350nam a2200133Ia 4500
008 240624s9999 xx 000 0 und d
041 _aeng
082 _a332.67253 GOY
100 _aGOYER MICHEL
245 _aCONTINGENT CAPITAL SHORT TERM INVESTORS
260 _c2011
_aNew Delhi
_bOxford
300 _axiv, : 209 : p. : cm. ; 22
365 _cBPS
_b38
999 _c28198
_d28198